Artist by Movement and Famous Painting - Statistics

General Stats
  • This quiz has been taken 107 times
  • The average score is 22 of 48
Answer Stats
Hint Answer % Correct
Dutch Impressionist, Self Portrait, The Starry Night Vincent Van Gogh
97%
French Impressionist, Water Lillies Claude Monet
94%
Spanish Cubist, Guernica, The Old Guitarist Pablo Picasso
86%
American Pop Artist, Campbell's Soup Cans, Shot Marilyns, Triple Elvis Andy Warhol
80%
Spanish Surrealist, The Persistence of Memory Salvador Dali
80%
Dutch Baroque/Dutch Golden Age, The Night Watch, The Storm on the Sea of Galilee Rembrandt
79%
Italian Renaissance, Sistine Chapel Ceiling, The Creation of Adam Michelangelo
77%
Mexican Surrealist, Diego and I, Self-portrait with Thorn Necklace and Hummingbird Frida Kahlo
76%
Norwegian Expressionist/Symbolist, The Scream, Madonna Edvard Munch
75%
Dutch Baroque, Girl with the Pearl Earring Johannes Vermeer
73%
Italian Renaissance, The Last Supper, Vitruvian Man Leonardo Da Vinci
73%
French Impressionist, Olympia, Luncheon on the Grass Edouard Manet
72%
Austrian Symbolist/Vienna Secessionist, The Kiss Gustav Klimt
69%
Italian Renaissance, The School of Athens, The Sistine Madonna Raphael/Raffaello Sanzio da Urbino
68%
Spanish Romantic, The Third of May 1808, Saturn Devouring His Son Francisco Goya
62%
Spanish Baroque/Spanish Golden Age, Las Meninas, Portrait of Innocent X Diego Velazquez
59%
French Impressionist, The Ballet Class, Ballet Rehearsal Edgar Degas
55%
Greek Spanish Renaissance, The View of Toledo, The Burial of the Count of Orgaz El Greco
54%
French Romantic, Liberty Leading the People Eugene Delacroix
49%
French Impressionist, Luncheon of the Boat Party Pierre-Auguste Renoir
48%
French Post-Impressionist, A Sunday Afternoon on the Island of La Grande Jatte Georges Seurat
46%
American Realist, Nighthawks Edward Hopper
45%
Italian Baroque/Realist, Medusa, Bacchus, Narcissus Caravaggio
44%
American Regionalist, American Gothic Grant Wood
44%
American Pop Artist, Whaam!, Drowning Girl Roy Lichtenstein
42%
French Post-Impressionist, Where Do We Come From? What are We? Where are We Going?, Arearea, The Yellow Christ Paul Gauguin
38%
French Art Nouveau/Post-Impressionist, At the Moulin Rouge, At Montrouge Henri De Toulouse-Lautrec
37%
Flemish Northern Renaissance, Arnolfini Portrait Jan Van Eyck
35%
Japanese Ukiyo-e, The 36 views of Mt. Fuji - The Great Wave off Kanagawa Hokusai
34%
English Romantic,The Fighting Temeraire, The Battle of Trafalgar JMW Turner
32%
American Abstract Expressionist, Mural, The She-Wolf, The Tea Cup Jackson Pollock
31%
French Post-Impressionist, The Card Players, The Large Bathers Paul Cezanne
31%
Italian Renaissance, Venus of Urbino, Assumption of the Virgin Titian/Tiziano Vecellio
25%
French Post-Impressionist, The Dream, The Sleeping Gypsy Henri Rousseau
24%
American Modernism, Oriental Poppies, Summer Days Georgia O'Keefe
23%
English Romantic, The Hay Wain, The Cornfield John Constable
23%
Flemish Baroque, The Fall of Man, The Elevation of the Cross, The Descent from the Cross Peter Paul Rubens
23%
German Northern Renaissance, Portrait of King Henry VIII Hans Holbein
21%
American Modernist, Nocturne in Black and Gold, Symphony in White No.1 The White Girl James McNeill Whistler
21%
French Rococo, The Swing Jean-Honore Fragonard
21%
Dutch Flemish/Dutch Renaissance, The Harvesters Pieter Bruegel
18%
American Impressionist, The Boating Party, Little Girl in a Blue Armchair Mary Cassatt
17%
American Realist, Portrait of Madame X, Gassed John Singer Sargent
11%
German American that painted Washington crossing the Delaware Emanuel Leutze
10%
English Pre-Raphaelite Brotherhood, Ophelia John Everett Millais
10%
Italian Mannerist, Madonna with the Long Neck Parmigianino
7%
American Realist, Snap the Whip, Breezing up Winslow Homer
7%
English Pre-Raphaelite Brotherhood, Proserpine, The Day Dream Dante Gabriel Rossetti
4%
No matching quizzes found
Score Distribution
Percent of People with Each Score
Percentile by Number Answered
Your Score History
You have not taken this quiz